Peripecia en la China ; la vida de Hudson Taylor

Salvato in:
Dettagli Bibliografici
Autore principale: Benge, Janet
Altri autori: Benge, Geoff
Natura: Libro
Lingua:spagnolo
Pubblicazione: Tyler Juventud Con Una Misión. JUCUM 2004
Soggetti:
Tags: Aggiungi Tag
Nessun Tag, puoi essere il primo ad aggiungerne!!

MARC

LEADER 00000nam a22000005a 4500
003 CL-ChBUA
005 20120815095517.0
008 101117s2004 xxu||||| |||| 000 ||spa
020 |a 1576582604 
040 |a CL-ChBUA  |c CL-ChBUA 
082 0 0 |a 922 
090 |c 28219  |d 28219 
100 1 |a Benge, Janet 
245 1 0 |a Peripecia en la China ;  |b la vida de Hudson Taylor 
260 |a Tyler  |b Juventud Con Una Misión. JUCUM  |c 2004 
300 |a 197 p.  |c 21 cm. 
504 |a índice, bibl. 
650 4 |a HUDSON, TAYLOR - BIOGRAFIA. 
700 1 |a Benge, Geoff 
942 |c LIB 
952 |0 0  |1 0  |4 0  |7 0  |9 66229  |a UNACH  |b UNACH  |c 900  |d 2010-11-17  |i 46.941  |l 4  |m 4  |o 922 / B 466  |p 67361  |r 2015-05-15 00:00:00  |s 2015-05-06  |u 66229  |w 2012-08-08  |y LIB  |k 922 / B 466 
999 |c 28219  |d 28219